[Event "zt 3.5 China Men 2012"]
[Site "Beijing CHN"]
[Date "2012.09.16"]
[Round "3.3"]
[White "Lou Yiping"]
[Black "Xiu Deshun"]
[Result "1/2-1/2"]
[WhiteElo "2412"]
[BlackElo "2524"]

1.d4 Nf6 2.c4 e6 3.Nc3 Bb4 4.Qc2 O-O 5.Nf3 c5 6.dxc5 Na6 7.g3 Nxc5 8.Bg2 d5
9.O-O Bxc3 10.Qxc3 b6 11.Bg5 Bb7 12.Bxf6 Qxf6 13.Qxf6 gxf6 14.cxd5 Bxd5 15.Rfd1  1/2-1/2

[Event "TCh-HUN 2012-13"]
[Site "Dunaharaszti HUN"]
[Date "2012.09.16"]
[Round "1"]
[White "Amstadt,A"]
[Black "Doery,J"]
[Result "1/2-1/2"]
[WhiteElo "2271"]
[BlackElo "2278"]

1.d4 Nf6 2.c4 e6 3.Nc3 Bb4 4.Qc2 O-O 5.a3 Bxc3+ 6.Qxc3 b6 7.Bg5 Bb7 8.e3 d6
9.f3 Nbd7 10.Bd3 c5 11.Ne2 Rc8 12.Qd2 h6 13.Bh4 cxd4 14.exd4 d5 15.b3 Ne4
16.Qf4 g5 17.Qe3 gxh4 18.fxe4 Qg5 19.Qxg5+ hxg5 20.cxd5 exd5 21.e5 f6 22.Bf5 Rc7
23.O-O fxe5 24.Rac1 Rxc1 25.Be6+ Kg7 26.Rxc1 Ba6 27.Bxd7 Bxe2 28.Re1 Rd8
29.Bc6 Rd6 30.Ba8 Rd8 31.Rxe2 Rxa8 32.Rxe5 Kf6 33.Rxd5 Rc8 34.h3 Rc3 35.Rd7 Rxb3
36.Rxa7 Kf5 37.a4 Rb4 38.d5 Rd4 39.Rf7+ Ke5 40.Rb7 Rxa4 41.Rxb6 Ra1+ 42.Kf2 Rd1
43.Re6+ Kf5 44.Rd6 Ke5 45.Rd8 Rxd5 46.Rxd5+ Kxd5 47.Kf3 Ke5 48.Kg4 Kf6 49.Kh5 Kf5
50.Kh6 Kf6 51.Kh5  1/2-1/2

[Event "TCh-SRB Prem 2012"]
[Site "Valjevo SRB"]
[Date "2012.09.20"]
[Round "4.2"]
[White "Kumic,F"]
[Black "Maksimovic,Br"]
[Result "0-1"]
[WhiteElo "2223"]
[BlackElo "2447"]

1.d4 Nf6 2.c4 e6 3.Nc3 Bb4 4.Qc2 O-O 5.a3 Bxc3+ 6.Qxc3 b6 7.Nf3 Bb7 8.e3 d6
9.b4 Nbd7 10.Bb2 a5 11.Bd3 axb4 12.axb4 Rxa1+ 13.Bxa1 Ne4 14.Qc2 f5 15.O-O Ng5
16.Ne1 Be4 17.f3 Bxd3 18.Nxd3 Qe7 19.Qa2 Nf7 20.e4 fxe4 21.fxe4 Ng5 22.Qe2 Rxf1+
23.Kxf1 Qf8+ 24.Nf2 Qf4 25.Bb2 Qxh2 26.Qg4 h6 27.d5 Ne5 28.Qe2 Qf4 29.Kg1 Qg3
30.Qh5 Ng6 31.Qg4 Qxg4 32.Nxg4 Nxe4 33.dxe6 Ng5 34.Ne3 Nxe6 35.g3 Ne7 36.Kf2 Kf7
37.Kf3 g6 38.g4 Ng5+ 39.Kf4 Ke6 40.Bg7 Nf7 41.Bf8 c6 42.Nc2 Ng8 43.Nd4+ Kd7
44.Bg7 Nd8  0-1

[Event "DYTM KL Open 2012"]
[Site "Kuala Lumpur MAS"]
[Date "2012.09.22"]
[Round "8.13"]
[White "Olay,E"]
[Black "Legaspi,R"]
[Result "1-0"]
[WhiteElo "2359"]
[BlackElo "2272"]

1.d4 Nf6 2.c4 e6 3.Nc3 Bb4 4.Qc2 O-O 5.Nf3 d5 6.Bg5 h6 7.Bh4 c5 8.e3 cxd4
9.exd4 Nc6 10.a3 Be7 11.c5 b6 12.b4 bxc5 13.bxc5 Ne4 14.Bxe7 Nxe7 15.Bd3 Qa5
16.Rc1 Ba6 17.Bxa6 Qxa6 18.Nxe4 dxe4 19.Qxe4 Qa5+ 20.Kf1 Qxa3 21.Rd1 Nd5
22.Qd3 Qxd3+ 23.Rxd3 Rfb8 24.g3 Rb2 25.Kg2 a5 26.Ra1 a4 27.Ne5 Kf8 28.h4 Ke7
29.Rda3 f6 30.Nd3 Rd2 31.Kf1 e5 32.dxe5 fxe5 33.Ke1 Rc2 34.Rxa4 Rxa4 35.Rxa4 Nc3
36.Rc4 Re2+ 37.Kf1 e4 38.Nf4  1-0

[Event "TCh-SRB Prem 2012"]
[Site "Valjevo SRB"]
[Date "2012.09.22"]
[Round "6.1"]
[White "Saric,S"]
[Black "Rogac,S"]
[Result "1-0"]
[WhiteElo "2418"]
[BlackElo "2313"]

1.d4 Nf6 2.c4 e6 3.Nc3 Bb4 4.Qc2 O-O 5.e4 c5 6.e5 cxd4 7.a3 dxc3 8.axb4 Ng4
9.Nf3 f6 10.Bd3 h6 11.exf6 Qxf6 12.O-O Nc6 13.bxc3 d5 14.b5 Nce5 15.Nxe5 Nxe5
16.cxd5 exd5 17.Be3 Nxd3 18.Qxd3 Qf5 19.Qxf5 Bxf5 20.Rfd1 Be6 21.Bxa7 Rfc8
22.Bd4 Bd7 23.b6 Rxa1 24.Rxa1 Re8 25.f3 h5 26.Kf2 Kf7 27.Ra5 Bc6 28.Kg3 Re2
29.h3 g6 30.Ra8 Re8 31.Ra2 Bb5 32.Kf4 Re2 33.Ra5 Bc6 34.g4 hxg4 35.hxg4 Re1
36.Ra2 Rh1 37.Ra8 Ke7 38.Rc8 Rf1 39.Rc7+ Kf8 40.Rxc6 bxc6 41.b7  1-0

[Event "Baku Open 2012"]
[Site "Baku AZE"]
[Date "2012.09.23"]
[Round "2.5"]
[White "Abasov,N"]
[Black "Mamedov,Nid"]
[Result "1/2-1/2"]
[WhiteElo "2461"]
[BlackElo "2614"]

1.d4 Nf6 2.c4 e6 3.Nc3 Bb4 4.Qc2 O-O 5.a3 Bxc3+ 6.Qxc3 d6 7.Bg5 Nbd7 8.e3 b6
9.Ne2 Bb7 10.Qc2 Be4 11.Qd2 h6 12.Bh4 Re8 13.Nc3 Bb7 14.f3 d5 15.Rd1 Ne4
16.Bxd8 Nxd2 17.Bxc7 Nxf1 18.Rxf1 Rec8 19.Bg3  1/2-1/2

[Event "21st TCh-CRO 1a 2012"]
[Site "Sibenik CRO"]
[Date "2012.09.23"]
[Round "1.4"]
[White "Lalic,B"]
[Black "Postny,E"]
[Result "1/2-1/2"]
[WhiteElo "2475"]
[BlackElo "2637"]

1.d4 Nf6 2.c4 e6 3.Nc3 Bb4 4.Qc2 O-O 5.a3 Bxc3+ 6.Qxc3 b6 7.Bg5 Bb7 8.e3 d6
9.Ne2 Nbd7 10.Qc2 c5 11.Rd1 Qc7 12.Nc3 cxd4 13.Rxd4 a6 14.Be2 h6 15.Bxf6 Nxf6
16.O-O d5 17.cxd5 Nxd5 18.Rc1 Rac8 19.Rc4 Qe5 20.Nxd5 exd5 21.Rc3 d4 22.exd4 Qxd4
23.Bf3 Rxc3 24.Qxc3 Qxc3 25.Rxc3 Rd8 26.Kf1 Bxf3 27.Rxf3 Rd2 28.Rb3 b5 29.Rb4 Kf8
30.a4 bxa4 31.Rxa4 Rxb2 32.Rxa6  1/2-1/2

[Event "TCh-VIE 2012"]
[Site "Ho Chi Minh City VIE"]
[Date "2012.09.25"]
[Round "7.17"]
[White "Nguyen Tan Hoang Nam"]
[Black "Pham,X"]
[Result "1-0"]
[WhiteElo "1870"]
[BlackElo "2244"]

1.d4 Nf6 2.c4 e6 3.Nc3 Bb4 4.Qc2 O-O 5.Bg5 c5 6.dxc5 Bxc5 7.e3 Nc6 8.Nf3 Be7
9.Be2 b6 10.O-O Bb7 11.Rfd1 a6 12.Qd2 d6 13.Bxf6 gxf6 14.Ne4 Qc7 15.Ng3 Kh8
16.Nd4 Rg8 17.Rac1 Rg7 18.b4 Ne5 19.f4 Ng4 20.Nh5 Rgg8 21.Bf3 Rg6 22.e4 Rag8
23.h3 Nh6 24.Kh1 f5 25.Qb2 e5 26.Nxf5 Nxf5 27.exf5 Bxf3 28.gxf3 Rh6 29.Rg1 Rxh5
30.Rxg8+ Kxg8 31.Qg2+ Kf8 32.Rg1 Ke8 33.Qg8+ Bf8 34.Qg4 Rh6 35.fxe5 dxe5
36.Re1 Bxb4 37.Qg8+ Bf8 38.Qh8 f6 39.Qg8 Qf7 40.Qg4 Qh5 41.Kg2 Qxg4+ 42.fxg4 Kd7
43.Rd1+ Bd6 44.a4 Kc7 45.Rb1 Bc5 46.h4 Bd4 47.Kf3 Kc6 48.h5 Kc5 49.Rc1 Kb4
50.Ke4 Kxa4 51.Rb1 Ka3 52.Kd3 Ka2 53.Kc2 Ka3 54.Kd3 Ka4 55.Ke4 b5 56.cxb5 axb5
57.Kd3 Ka5 58.Ke4 Kb6 59.Kd5 Bc3 60.Rd1 b4 61.Kc4 Kc6 62.Rd8 Be1 63.Re8 Kd7
64.Re6 Bc3 65.Kb3 Kc7 66.Kc4  1-0

[Event "1st Simon Bolivar Open 2012"]
[Site "San Cristobal VEN"]
[Date "2012.09.25"]
[Round "1.9"]
[White "Vazquez Igarza,R"]
[Black "Saladen,R"]
[Result "1-0"]
[WhiteElo "2566"]
[BlackElo "2212"]

1.d4 Nf6 2.c4 e6 3.Nc3 Bb4 4.Qc2 O-O 5.a3 Bxc3+ 6.Qxc3 b5 7.cxb5 c6 8.Bg5 h6
9.Bh4 cxb5 10.Nf3 Nc6 11.Bxf6 Qxf6 12.e3 Rb8 13.Be2 Bb7 14.O-O Rfc8 15.Rfc1 d6
16.Qd2 Qd8 17.Rc3 Na5 18.Rac1 Nc4 19.Qc2 Bxf3 20.Bxf3 d5 21.b3 Nd6 22.Rc5 a5
23.Be2 b4 24.axb4 axb4 25.Bd3 Rxc5 26.dxc5 Rc8 27.g3 Qa5 28.c6 Ne8 29.Kg2 Nc7
30.h4 Ra8 31.e4 d4 32.Qd2 e5 33.Bc4 Qa2 34.Qxb4 Qb2 35.Rf1 Qc2 36.Qb7 Qxe4+
37.Kg1 d3 38.Qxc7 d2 39.Qxf7+ Kh8 40.c7 Qg4 41.Qd5 Rf8 42.Qxd2  1-0

[Event "21st TCh-CRO w 2012"]
[Site "Sibenik CRO"]
[Date "2012.09.25"]
[Round "4.22"]
[White "Medic,Mir"]
[Black "Jelica,M"]
[Result "1/2-1/2"]
[WhiteElo "2185"]
[BlackElo "2258"]

1.d4 Nf6 2.c4 e6 3.Nc3 Bb4 4.Qc2 O-O 5.a3 Bxc3+ 6.Qxc3 b6 7.Bg5 Bb7 8.f3 h6
9.Bh4 d5 10.e3 Nbd7 11.cxd5 exd5 12.Bd3 Rc8 13.Ne2 c5 14.Qd2 Re8 15.O-O Qe7
16.Bf2 c4 17.Bc2 b5 18.Ng3 Nf8 19.Nf5 Qd7 20.Rfe1  1/2-1/2

[Event "1st Simon Bolivar Open 2012"]
[Site "San Cristobal VEN"]
[Date "2012.09.26"]
[Round "3.18"]
[White "Paredes,E"]
[Black "Ortega,Mariano"]
[Result "0-1"]
[WhiteElo "2272"]
[BlackElo "2474"]

1.d4 Nf6 2.c4 e6 3.Nc3 Bb4 4.Qc2 O-O 5.Bg5 h6 6.Bh4 c5 7.e3 cxd4 8.exd4 b6
9.a3 Be7 10.Nf3 Bb7 11.Be2 d5 12.Bxf6 Bxf6 13.cxd5 exd5 14.O-O Nc6 15.Rad1 Rc8
16.Qf5 Ne7 17.Qg4 a6 18.Bd3 Rc7 19.Rfe1 Qd6 20.Ne5 Bc8 21.Qh5 Bg5 22.g3 b5
23.h4 g6 24.Qf3 Bf6 25.Bb1 Bg7 26.Qf4 Qd8 27.g4 Nc6 28.g5 Nxe5 29.dxe5 Rc4
30.Be4 hxg5 31.hxg5 Be6 32.Qg3 Rc5 33.b4 Rxc3 34.Qxc3 Qxg5+ 35.Bg2 Rd8 36.Rd3 Bf5
37.Rg3 Qh4 38.Qc6 d4 39.Bd5 Qe7 40.f4 Qh4 41.Kg2 Qxf4 42.Re2 Bxe5 43.Rxg6+ Bxg6
44.Qxg6+ Bg7 45.Qh5 Rf8 46.Rf2 Qc7 47.Be4 Rd8 48.Qh7+ Kf8 49.Qf5 Qd7 50.Qc5+ Kg8
51.Qh5 Qe6 52.Qh7+ Kf8 53.Bf5 Qd5+ 54.Rf3 Re8 55.Kf2 Qa2+ 56.Bc2 Rc8  0-1

[Event "30th Balaton IM"]
[Site "Heviz HUN"]
[Date "2012.09.28"]
[Round "6.5"]
[White "Csonka,B"]
[Black "Izso,D"]
[Result "1/2-1/2"]
[WhiteElo "2287"]
[BlackElo "2322"]

1.d4 Nf6 2.c4 e6 3.Nc3 Bb4 4.Qc2 O-O 5.a3 Bxc3+ 6.Qxc3 b6 7.Bg5 Bb7 8.f3 h6
9.Bh4 d5 10.e3 Nbd7 11.cxd5 Nxd5 12.Bxd8 Nxc3 13.Be7 Rfe8 14.Bh4 Nd5 15.Bf2 e5
16.e4 exd4 17.O-O-O Nf4 18.Bxd4 Rad8 19.Ne2 Ne6 20.Bf2 Ndc5 21.Rxd8 Rxd8
22.Nc3 Nb3+ 23.Kb1 Nd2+ 24.Kc2 Nxf1 25.Rxf1  1/2-1/2

[Event "21st TCh-CRO 1b 2012"]
[Site "Sibenik CRO"]
[Date "2012.09.28"]
[Round "6.1"]
[White "Turov,M"]
[Black "Dizdarevic,E"]
[Result "1/2-1/2"]
[WhiteElo "2636"]
[BlackElo "2490"]

1.d4 Nf6 2.c4 e6 3.Nc3 Bb4 4.Qc2 O-O 5.a3 Bxc3+ 6.Qxc3 Nc6 7.Bg5 h6 8.Bh4 Re8
9.e3 e5 10.d5 Nb8 11.Qc2 d6 12.Ne2 Nbd7 13.Nc3 Nf8 14.Bd3 c6 15.O-O cxd5
16.Bxf6 Qxf6 17.Nxd5 Qd8 18.Rfd1 Be6 19.Nc3 Qb6 20.b3 Red8 21.Be4 Nd7 22.Nd5 Bxd5
23.Bxd5 Nf6 24.Rd2 Rac8 25.Rad1 Kf8 26.g3 Qc7 27.a4 a5 28.Be4 b6 29.Bf5 Rb8
30.Bg4 g6 31.Bh3 h5 32.Bg2 Qc5 33.Qd3 Rd7 34.Be4 Rbd8 35.Bd5 Re7 36.Kg2 e4
37.Qc3 Re5 38.Bb7 Rd7  1/2-1/2

[Event "1st Simon Bolivar Open 2012"]
[Site "San Cristobal VEN"]
[Date "2012.09.29"]
[Round "9.9"]
[White "Marichal,A"]
[Black "Kolev,At1"]
[Result "1-0"]
[WhiteElo "2306"]
[BlackElo "2601"]

1.d4 Nf6 2.c4 e6 3.Nc3 Bb4 4.Qc2 O-O 5.a3 Bxc3+ 6.Qxc3 d5 7.Bg5 c5 8.cxd5 cxd4
9.Qxd4 Nc6 10.Qd2 exd5 11.Nf3 Bg4 12.Qf4 Re8 13.Bxf6 Qxf6 14.Qxf6 gxf6 15.Rd1 Rac8
16.Rxd5 Ne5 17.Nxe5 Rxe5 18.Rd4 Bf5 19.f3 Rc1+ 20.Rd1 Rxd1+ 21.Kxd1 Rd5+
22.Ke1 Bc2 23.g3 Bb3 24.Bg2 b5 25.f4 Rd1+ 26.Kf2 Rd2 27.Rc1 Rxb2 28.Be4 Bc4
29.Rc2 Rb3 30.a4 a6 31.axb5 axb5 32.Rd2 h6 33.Bd5 Bxd5 34.Rxd5 b4 35.Rb5 Rb1
36.h4 b3 37.h5 b2 38.Rb8+ Kg7 39.f5 Kh7 40.g4 Kg7 41.Kg2 Kh7 42.Kf2 Kg7  1-0

[Event "TCh-Belgrade Premier 2012"]
[Site "Belgrade SRB"]
[Date "2012.10.01"]
[Round "1.5"]
[White "Maksimovic,Ma"]
[Black "Maksimovic,Mir"]
[Result "1-0"]
[WhiteElo "2170"]
[BlackElo "2239"]

1.d4 Nf6 2.c4 e6 3.Nc3 Bb4 4.Qc2 O-O 5.e4 c5 6.a3 cxd4 7.axb4 dxc3 8.bxc3 d5
9.e5 Nfd7 10.f4 dxc4 11.Nf3 Nb6 12.Ng5 g6 13.h4 f5 14.h5 h6 15.Nf3 Nc6 16.hxg6 Kg7
17.Be3 Nd5 18.Bc5 Rh8 19.Rd1 b5 20.Bf2 Qe8 21.g4 fxg4 22.Nh4 g3 23.Bc5 Nxf4
24.Qe4 g2 25.Nxg2 Nxg2+ 26.Bxg2 Bb7 27.Rf1 Nd8 28.Qg4 Bxg2 29.Qxg2 Rc8 30.Qf2 Rxc5
31.Qf6+ Kg8 32.Rxd8 Rxe5+ 33.Qxe5  1-0

[Event "12th Winterthurer Schachwoche"]
[Site "Winterthur SUI"]
[Date "2012.10.06"]
[Round "1"]
[White "Kaczmarczyk,D"]
[Black "Arcuti,Davide"]
[Result "1-0"]
[WhiteElo "2257"]
[BlackElo "2022"]

1.d4 Nf6 2.c4 e6 3.Nc3 Bb4 4.Qc2 O-O 5.e4 d5 6.e5 Ne4 7.Bd3 c5 8.Ne2 Nc6
9.O-O cxd4 10.cxd5 exd5 11.Nxd5 Qxd5 12.Bxe4 Qxe5 13.a3 Bd6 14.Bf4 Qf6 15.Bxd6 Qxd6
16.Bxh7+ Kh8 17.Be4 Rd8 18.Rad1 Qf6 19.Qc5 Bd7 20.Nxd4 Nxd4 21.Rxd4 Bc6 22.Qh5+ Kg8
23.Qh7+ Kf8 24.Re1 Qxd4 25.Bd5  1-0

[Event "TCh-HUN 2012-13"]
[Site "Dunaharaszti HUN"]
[Date "2012.10.07"]
[Round "2"]
[White "Balla,Ta"]
[Black "Lorand,N"]
[Result "1-0"]
[WhiteElo "2381"]
[BlackElo "2320"]

1.d4 Nf6 2.c4 e6 3.Nc3 Bb4 4.Qc2 O-O 5.a3 Bxc3+ 6.Qxc3 d6 7.Bg5 Nbd7 8.Nf3 b6
9.e3 Bb7 10.Bd3 h6 11.Bh4 c5 12.O-O Qc7 13.dxc5 Qxc5 14.Bg3 Rac8 15.Rfd1 e5
16.Nd2 b5 17.Qb4 Qc6 18.Bf1 d5 19.cxd5 Qxd5 20.Qxb5 Rc5 21.Qd3 Qc6 22.Nb3 Rd5
23.Qc3 Qe6 24.Na5 Rc5 25.Qd2 Bd5 26.b4 Rc7 27.f3 Rfc8 28.e4 Rc2 29.Qe3 Ba2
30.Qxa7 R8c3 31.a4 Rb2 32.Be1 Rcc2 33.Rac1 Nb6 34.Bc3 Rxc3 35.Rxc3  1-0

[Event "NIT Nagpur GM Open 2012"]
[Site "Nagpur IND"]
[Date "2012.10.16"]
[Round "2.7"]
[White "Chatterjee,D"]
[Black "Grover,S"]
[Result "1/2-1/2"]
[WhiteElo "2318"]
[BlackElo "2516"]

1.d4 Nf6 2.c4 e6 3.Nc3 Bb4 4.Qc2 O-O 5.a3 Bxc3+ 6.Qxc3 Qe8 7.Nf3 d6 8.e3 b6
9.Bd3 Bb7 10.b3 Ne4 11.Qc2 f5 12.Bb2 Nd7 13.O-O-O c5 14.Kb1 a5 15.a4 cxd4
16.Nxd4 Nec5 17.f3 Nxd3 18.Rxd3 Nc5 19.Rd2 d5 20.Nb5 dxc4 21.bxc4 Qe7 22.Be5 Ne4
23.Rd3 Qb4+ 24.Ka2 Rfc8 25.Rd4 Qc5 26.fxe4 Qxe5 27.Nd6 Rc7 28.exf5 Qxe3 29.Rd3 Qe5
30.Nxb7 Rxb7 31.fxe6 Qxe6 32.Rhd1 Rf8 33.Rd8 Rf7 34.R1d2 Rf4 35.Kb3 Qe3+
36.Qd3 Qxd3+ 37.R8xd3 Re8 38.Rd4 Re3+ 39.R4d3 Rxd3+ 40.Rxd3 Rf2 41.Rd6 Rxg2
42.Rxb6 Rxh2 43.c5 Kf7 44.Rb7+ Ke6 45.Rxg7 Kd5 46.Ra7 Rh3+ 47.Kc2 Kxc5 48.Rxa5+  1/2-1/2

[Event "13th Liberec Open 2012"]
[Site "Liberec CZE"]
[Date "2012.10.24"]
[Round "6"]
[White "Fuchs,O"]
[Black "Byhan,G"]
[Result "1/2-1/2"]
[WhiteElo "1876"]
[BlackElo "1996"]

1.d4 Nf6 2.c4 e6 3.Nc3 Bb4 4.Qc2 O-O 5.a3 Bxc3+ 6.Qxc3 Ne4 7.Qc2 f5 8.e3 d6
9.Bd3 Nf6 10.f3 Nbd7 11.Ne2 b6 12.O-O g6  1/2-1/2

[Event "TCh-FIN SM 2012-13"]
[Site "Helsinki FIN"]
[Date "2012.10.27"]
[Round "4.8"]
[White "Kauranen,Matti"]
[Black "Seppala,A"]
[Result "0-1"]
[WhiteElo "2200"]
[BlackElo "2017"]

1.d4 Nf6 2.c4 e6 3.Nc3 Bb4 4.Qc2 O-O 5.Nf3 d5 6.Bg5 b6 7.cxd5 exd5 8.e3 Bb7
9.Be2 Nbd7 10.O-O Re8 11.Rac1 c6 12.Qf5 Qe7 13.Bd3 Qe6 14.Bxf6 Qxf5 15.Bxf5 Nxf6
16.Ne5 g6 17.Bh3 Bd6 18.f4 c5 19.Nb5 Bb8 20.dxc5 bxc5 21.Rxc5 Ne4 22.Rc2 Bxe5
23.fxe5 Rxe5 24.Rfc1 a5 25.Rc7 Ba6 26.Nd4 Ng5 27.Nc6 Rxe3 28.Ne7+ Kg7 29.Nxd5 Nxh3+
30.gxh3 Rxh3 31.Rd7 Bc8 32.Re7 Bg4 33.Rcc7 Rf3 34.Ne3 Bh3 35.Rc2 Rd8 36.Rf2 Rxf2
37.Kxf2 Be6 38.Ke2 Rb8 39.b3 a4 40.bxa4 Rb2+ 41.Kf3 Rxa2 42.Rc7 Rxh2 43.a5 Ra2
44.Kf4 Kf6 45.a6 Ra4+ 46.Kg3 Ra3 47.Kf2 h5  0-1

[Event "TCh-FIN SM 2012-13"]
[Site "Joensuu FIN"]
[Date "2012.10.28"]
[Round "5.5"]
[White "Kilpi,T"]
[Black "Saastamoinen,A"]
[Result "1/2-1/2"]
[WhiteElo "2141"]
[BlackElo "2135"]

1.d4 Nf6 2.c4 e6 3.Nc3 Bb4 4.Qc2 O-O 5.a3 Bxc3+ 6.Qxc3 b6 7.Bg5 Bb7 8.f3 d5
9.e3 h6 10.Bh4 Nbd7 11.cxd5 exd5 12.Bd3 c5 13.Ne2 Re8 14.O-O Qe7 15.Bf2 Rac8
16.Qd2 Nf8 17.dxc5 bxc5 18.Ng3 g6 19.Rfe1 Qd6 20.Qa5 Qb6 21.Qxb6 axb6 22.Bb5 Bc6
23.Bxc6 Rxc6 24.Ne2 Rd8 25.Red1 Ne6 26.Rd2 Rcd6 27.Rad1 R6d7 28.Bh4 g5 29.Bg3 Kf8
30.Be5 Ne8 31.Ng3 f6 32.Bc3 Kf7 33.Nf5 Kg6 34.g4  1/2-1/2

[Event "TCh-FIN SM 2012-13"]
[Site "Porvoo FIN"]
[Date "2012.10.28"]
[Round "5.5"]
[White "Issakainen,A"]
[Black "Nyysti,S"]
[Result "0-1"]
[WhiteElo "2212"]
[BlackElo "2352"]

1.d4 Nf6 2.c4 e6 3.Nc3 Bb4 4.Qc2 O-O 5.e4 d6 6.a3 Bxc3+ 7.bxc3 e5 8.Bd3 Nc6
9.Ne2 b6 10.O-O Ba6 11.f4 Nd7 12.Ng3 exd4 13.e5 h6 14.exd6 Nc5 15.Nf5 cxd6
16.Be2 Qf6 17.Bb2 d3 18.Bxd3 d5 19.Ne3 Nxd3 20.Qxd3 dxc4 21.Qc2 Rfe8 22.Nd5 Qd6
23.Rad1 Qc5+ 24.Kh1 Ne7 25.Nxe7+ Rxe7 26.Rfe1 Rae8 27.Rxe7 Qxe7 28.h3 Bb7
29.Rd2 Qe3 30.Bc1 Qxh3+  0-1

[Event "16th OIBM 2012"]
[Site "Bad Wiessee GER"]
[Date "2012.10.30"]
[Round "4.10"]
[White "Nikolov,Mo"]
[Black "Oberhofer,A"]
[Result "1/2-1/2"]
[WhiteElo "2542"]
[BlackElo "2293"]

1.d4 Nf6 2.c4 e6 3.Nc3 Bb4 4.Qc2 O-O 5.a3 Bxc3+ 6.Qxc3 d5 7.Nf3 dxc4 8.Qxc4 b6
9.Bg5 Ba6 10.Qa4 h6 11.Bh4 g5 12.Bg3 Ne4 13.Rc1 Qd5 14.e3 Bxf1 15.Kxf1 c5
16.Ke2 Nd7 17.Rhd1 b5 18.Qxb5 Nxg3+ 19.hxg3 Rfb8 20.Qc4 Rxb2+ 21.Rd2 Rxd2+
22.Nxd2 Qxg2 23.dxc5 Rc8 24.Qa6 Rc7 25.Qd6 Qc6 26.Qxc6 Rxc6 27.Nb3 Kf8 28.Kd3 Ra6
29.Kc4 Rxa3 30.c6 Nb6+ 31.Kb4  1/2-1/2

[Event "TCh-NOR Eliteserien 2012-13"]
[Site "Haraldsheim NOR"]
[Date "2012.11.02"]
[Round "4"]
[White "Elsness,F"]
[Black "Djurhuus,R"]
[Result "0-1"]
[WhiteElo "2483"]
[BlackElo "2457"]

1.d4 Nf6 2.c4 e6 3.Nc3 Bb4 4.Qc2 O-O 5.a3 Bxc3+ 6.Qxc3 b5 7.cxb5 c6 8.Bg5 cxb5
9.e3 Bb7 10.Nf3 a6 11.Bd3 h6 12.Bh4 Nc6 13.Bc2 Rc8 14.Bxf6 Qxf6 15.Qd3 g6
16.O-O e5 17.dxe5 Nxe5 18.Nxe5 Qxe5 19.Bb3 Be4 20.Qxd7 Rc6 21.Rad1 Qxb2 22.Bxf7+ Rxf7
23.Qe8+ Kg7 24.Qxe4 Rcf6 25.Qd4 Qxa3 26.e4 Kh7 27.e5 Re6 28.f4 Qe7 29.Qd5 b4
30.Rf3 Rb6 31.h3 Qe6 32.Qa8 Qc6 33.Qd8 b3 34.f5 Rbb7 35.e6 Rxf5 36.Rxf5 gxf5
37.Rd7+ Rxd7 38.exd7 Qc5+ 39.Kh2 Qd6+ 40.g3 b2 41.Qa5 b1=Q 42.d8=Q Qc2+ 43.Kh1 Qe4+
44.Kh2 Qe2+ 45.Kh1 Qf3+  0-1

[Event "TCh-NOR Eliteserien 2012-13"]
[Site "Haraldsheim NOR"]
[Date "2012.11.02"]
[Round "5"]
[White "Johansen,Te"]
[Black "David,Ed"]
[Result "1/2-1/2"]
[WhiteElo "2265"]
[BlackElo "2247"]

1.d4 Nf6 2.c4 e6 3.Nc3 Bb4 4.Qc2 O-O 5.a3 Bxc3+ 6.Qxc3 b5 7.cxb5 c6 8.e3 cxb5
9.Bxb5 Bb7 10.Nf3 Ne4 11.Qb3 Nc6 12.Bd3 Na5 13.Qa4 f5 14.b4 Nc6 15.Bb2 Ne7
16.Rc1 Ng6 17.h4 Ne7 18.h5 f4 19.Rh4 Nxf2 20.Kxf2 fxe3+ 21.Kg3 Nf5+ 22.Bxf5 Rxf5
23.Rg4 Bd5 24.Qc2 Rxh5 25.Qd3 Rf5 26.Qxe3 Bxf3 27.gxf3 h5 28.Re4 Qf6 29.Rc2 Rf8
30.Rf2 Rg5+ 31.Kh2 Qg6 32.d5 Rg1 33.f4 Rg4 34.f5 Rxf5 35.Rxg4 hxg4 36.Rxf5 Qxf5
37.Qd4 e5 38.Qxe5 Qf2+ 39.Kh1 Qf1+  1/2-1/2

[Event "TCh-NOR Eliteserien 2012-13"]
[Site "Haraldsheim NOR"]
[Date "2012.11.02"]
[Round "5"]
[White "Martinsen,S"]
[Black "Kjolberg,J"]
[Result "0-1"]
[WhiteElo "2166"]
[BlackElo "1984"]

1.d4 Nf6 2.c4 e6 3.Nc3 Bb4 4.Qc2 O-O 5.e4 d5 6.e5 Ne4 7.Bd3 c5 8.Nf3 cxd4
9.Nxd4 Nd7 10.Bf4 Ndc5 11.O-O Nxd3 12.Qxd3 Nxc3 13.bxc3 Be7 14.Rfd1 Qa5 15.cxd5 exd5
16.Qg3 Kh8 17.Nb3 Qb5 18.Bg5 Bxg5 19.Qxg5 Be6 20.Nd4 Qc4 21.f4 Qxc3 22.f5 f6
23.exf6 gxf6 24.Qf4 Bg8 25.Rac1 Qa5 26.Qc7 Qxa2 27.Rc2  0-1

[Event "16th OIBM 2012"]
[Site "Bad Wiessee GER"]
[Date "2012.11.03"]
[Round "8.9"]
[White "Zude,A"]
[Black "Sokolov,And1"]
[Result "1/2-1/2"]
[WhiteElo "2461"]
[BlackElo "2575"]

1.d4 Nf6 2.c4 e6 3.Nc3 Bb4 4.Qc2 O-O 5.a3 Bxc3+ 6.Qxc3 b6 7.Bg5 Bb7 8.f3 h6
9.Bh4 d6 10.e3 Nbd7 11.Bd3 c5 12.dxc5 Nxc5 13.Bc2 Rc8 14.Bxf6 Qxf6 15.Qxf6 gxf6
16.O-O-O Rfd8 17.Nh3 Kf8 18.Rd4 e5 19.Rh4 d5 20.Rd1 Ke7 21.Nf2 Rg8 22.Ng4 dxc4
23.Kb1 Rcd8 24.Rxd8 Rxd8 25.Nxh6 b5 26.Nf5+ Ke6 27.Ng7+ Ke7 28.Nf5+ Ke6 29.Ng7+ Ke7  1/2-1/2

[Event "TCh-HUN 2012-13"]
[Site "Szombathely HUN"]
[Date "2012.11.04"]
[Round "3"]
[White "Nagy,Ga1"]
[Black "Tompa,J"]
[Result "0-1"]
[WhiteElo "2401"]
[BlackElo "2386"]

1.d4 Nf6 2.c4 e6 3.Nc3 Bb4 4.Qc2 O-O 5.a3 Bxc3+ 6.Qxc3 b6 7.Bg5 Bb7 8.Nf3 d6
9.Nd2 h6 10.Bh4 c5 11.dxc5 bxc5 12.O-O-O Nbd7 13.e4 Nxe4 14.Nxe4 Qxh4 15.Nxd6 Bc6
16.Qg3 Qf6 17.Bd3 Rab8 18.Rd2 Ne5 19.Bb1 Rfd8 20.f4 Nf3 21.gxf3 Rxd6 22.Rhd1 Rxb2
23.Rxb2 Rxd1+ 24.Kxd1 Qxb2 25.Bc2 Qd4+ 26.Kc1 Qxc4 27.f5 Ba4  0-1

[Event "US Chess League 2012"]
[Site "ICC INT"]
[Date "2012.11.07"]
[Round "10"]
[White "Sarkar,J"]
[Black "Milman,L"]
[Result "1/2-1/2"]
[WhiteElo "2400"]
[BlackElo "2441"]

1.d4 Nf6 2.c4 e6 3.Nc3 Bb4 4.Qc2 O-O 5.a3 Bxc3+ 6.Qxc3 b6 7.Bg5 Bb7 8.f3 d6
9.e4 c5 10.dxc5 bxc5 11.Rd1 Nc6 12.Bxf6 gxf6 13.Ne2 e5 14.Qd2 Nd4 15.Nxd4 cxd4
16.Bd3 Kh8 17.b4 Rg8 18.g4 Qe7 19.h4 a5 20.b5 f5 21.gxf5 Rg3 22.Kf2 Rag8
23.Rh2 Qf6 24.Rf1 Qg7 25.Ke1 Rg1 26.Rf2 a4 27.Rxg1 Qxg1+ 28.Bf1 Rg3 29.Qh6 Bxe4
30.fxe4 Re3+ 31.Re2 Rxe2+ 32.Kxe2 d3+ 33.Kd2 Qf2+ 34.Kc3 Qd4+ 35.Kb4 Qc5+
36.Kxa4 Qxc4+ 37.Ka5 Qc3+ 38.Kb6 Qc5+ 39.Kb7 Qxb5+ 40.Kc7 Qa5+ 41.Kd7 Qa7+
42.Ke8 Qb8+ 43.Kxf7 Qc7+ 44.Ke6 Qc8+ 45.Kd5 Qc5+ 46.Ke6 Qc8+ 47.Ke7 Qc7+
48.Ke8 Qc8+ 49.Ke7 Qc7+ 50.Kf8 Qd8+ 51.Kf7 Qd7+ 52.Kf6 Qd8+ 53.Kf7 Qd7+ 54.Kf6 Qd8+
55.Ke6 Qc8+  1/2-1/2

[Event "WY BU14 2012"]
[Site "Maribor SLO"]
[Date "2012.11.08"]
[Round "1.15"]
[White "Gu,Christopher"]
[Black "Lee,Deon"]
[Result "1-0"]
[WhiteElo "2283"]
[BlackElo "1842"]

1.d4 Nf6 2.c4 e6 3.Nc3 Bb4 4.Qc2 O-O 5.a3 Bxc3+ 6.Qxc3 d5 7.Bg5 Nbd7 8.e3 c6
9.Nf3 Qe8 10.Bf4 Ne4 11.Qc2 f6 12.Bd3 e5 13.Bg3 exd4 14.cxd5 cxd5 15.Nxd4 a6
16.O-O Ndc5 17.Be2 Bd7 18.b4 Na4 19.Qb3 Nac3 20.Bf3 Ba4 21.Qb2 Rc8 22.Rfc1 Qd7
23.Ne2 Nxe2+ 24.Bxe2 Nxg3 25.hxg3 Qf5 26.Qd4 Qe5 27.Qd2 Rc2 28.Rxc2 Qxa1+
29.Qc1 Qxc1+ 30.Rxc1 Bc6 31.Bxa6 bxa6 32.Rxc6 Ra8 33.Rc7 h6 34.Kf1 Kh7 35.Ke2 Kg6
36.g4 a5 37.b5 a4 38.Kd3 Rb8 39.Rc5 Kf7 40.Kc3 Ke6 41.Kb4 Kd6 42.Rc6+ Ke5
43.Kxa4 Ke4 44.Kb4 Kd3 45.a4 Ke2 46.a5 Kxf2 47.Rc3 Kxg2 48.a6 Ra8 49.Ka5 Kg3
50.b6 Kxg4 51.b7  1-0

[Event "Brno Open 2012"]
[Site "Brno CZE"]
[Date "2012.11.11"]
[Round "2"]
[White "Sipl,F"]
[Black "Paseka,C"]
[Result "1-0"]
[WhiteElo "1891"]
[BlackElo "1717"]

1.d4 Nf6 2.c4 e6 3.Nc3 Bb4 4.Qc2 O-O 5.Bg5 d6 6.Nf3 Nbd7 7.e4 e5 8.Bd3 h6
9.Bh4 b6 10.a3 Bxc3+ 11.bxc3 Qe7 12.O-O Bb7 13.Nd2 c5 14.d5 g5 15.Bg3 Nh5
16.Qd1 Nxg3 17.hxg3 f6 18.Be2 Kg7 19.Bg4 Bc8 20.f4 exf4 21.gxf4 gxf4 22.Bf5 Ne5
23.Rxf4 Bxf5 24.Rxf5 Qf7 25.Qe2 Qg6 26.Raf1 Qg4 27.Qf2 Qg6 28.Qf4 Qg4 29.Rxe5 Qxf4
30.Re7+ Rf7 31.Rxf7+ Kxf7 32.Rxf4 Re8 33.Kf2 Kg6 34.Kf3 h5 35.Rf5 a6 36.Ke3 b5
37.Kd3 Rb8 38.Rf1 b4 39.axb4 cxb4 40.Rb1 a5 41.cxb4 axb4 42.Kd4 Kh6 43.c5 dxc5+
44.Kxc5 Rg8 45.Rg1 Rb8 46.d6 b3 47.d7 Rd8 48.Kc6  1-0

[Event "WY BU14 2012"]
[Site "Maribor SLO"]
[Date "2012.11.11"]
[Round "4.7"]
[White "Dale,Ari"]
[Black "Bellahcene,B"]
[Result "1/2-1/2"]
[WhiteElo "2161"]
[BlackElo "2354"]

1.d4 Nf6 2.c4 e6 3.Nc3 Bb4 4.Qc2 O-O 5.a3 Bxc3+ 6.Qxc3 b6 7.Bg5 Bb7 8.f3 d5
9.e3 Re8 10.Bd3 h6 11.Bh4 Nbd7 12.cxd5 exd5 13.Ne2 c5 14.O-O Qe7 15.Bf2 Rac8
16.Qd2 Nf8 17.Rad1 Bc6 18.Ng3 Qd7 19.Bf5 Ne6 20.e4 dxe4 21.fxe4 cxd4 22.Bxd4 Rcd8
23.Qe3 Ba4 24.b3 Bxb3 25.Qxb3 Nxd4 26.Bxd7 Nxb3 27.Bxe8 Rxe8 28.Rf5 Nc5 29.e5 Ng4
30.Rd4 Nxe5 31.Ne4 Nc6 32.Rd6 Rxe4 33.Rxc6 g6 34.Rf3 Re7 35.Kf2 Kg7 36.Re3 Rd7
37.Ke2 Ne6 38.Ke1 h5 39.Rc2 Rb7  1/2-1/2

[Event "WY BU14 2012"]
[Site "Maribor SLO"]
[Date "2012.11.12"]
[Round "5.25"]
[White "Stremavicius,T"]
[Black "Acsinte,M"]
[Result "1-0"]
[WhiteElo "2204"]
[BlackElo "2040"]

1.d4 Nf6 2.c4 e6 3.Nc3 Bb4 4.Qc2 O-O 5.Bg5 c5 6.e3 h6 7.Bh4 Nc6 8.d5 Ne5
9.a3 Bxc3+ 10.Qxc3 Ng6 11.Bxf6 Qxf6 12.Qxf6 gxf6 13.d6 b6 14.f4 e5 15.Ne2 Nh4
16.Ng3 Re8 17.f5 e4 18.Nh5 Re5 19.g4 Nf3+ 20.Kf2 a5 21.a4 Kf8 22.Be2 Ba6
23.Nxf6 Rd8 24.Ra3 Bb7 25.Rb3 Bc6 26.Rxb6 Bxa4 27.Ra1 Bc6 28.Rxa5 Nxh2 29.b4 h5
30.Nxh5 Nf3 31.b5 Nd4 32.bxc6 Nxc6 33.Ra1 Nd4 34.Rba6  1-0